<?xml version="1.0" encoding="UTF-8"?>
<record
    xmlns:xsi="http://www.w3.org/2001/XMLSchema-instance"
    xsi:schemaLocation="http://www.loc.gov/MARC21/slim http://www.loc.gov/standards/marcxml/schema/MARC21slim.xsd"
    xmlns="http://www.loc.gov/MARC21/slim">

  <leader>01797nam a22002417a 4500</leader>
  <datafield tag="999" ind1=" " ind2=" ">
    <subfield code="c">22062</subfield>
    <subfield code="d">22062</subfield>
  </datafield>
  <controlfield tag="003">AR-CdUCM</controlfield>
  <controlfield tag="008">190429b           ||||| |||| 00| 0 spa d</controlfield>
  <datafield tag="040" ind1=" " ind2=" ">
    <subfield code="a">MUNICIPALIDAD PROVINCIAL DEL CUSCO</subfield>
    <subfield code="c">BIBLIOTECA MUNICIPAL DEL CUSCO</subfield>
  </datafield>
  <datafield tag="082" ind1=" " ind2=" ">
    <subfield code="a">Rijchariy/N&#xB0;3/1967</subfield>
  </datafield>
  <datafield tag="245" ind1=" " ind2=" ">
    <subfield code="a">Rijchariy :</subfield>
    <subfield code="b">revista cultural /</subfield>
    <subfield code="c">Cesar Lomellini Carenzi, director</subfield>
  </datafield>
  <datafield tag="260" ind1=" " ind2=" ">
    <subfield code="a">Cusco :</subfield>
    <subfield code="b">Rijchariy,</subfield>
    <subfield code="c">1967.</subfield>
  </datafield>
  <datafield tag="300" ind1=" " ind2=" ">
    <subfield code="a">48 p&#xE1;ginas. :</subfield>
    <subfield code="b">im&#xE1;genes ;</subfield>
    <subfield code="c">24 cm.</subfield>
  </datafield>
  <datafield tag="440" ind1=" " ind2=" ">
    <subfield code="a">Rijchariy revista cultural.</subfield>
    <subfield code="n">N&#xB0;3, 1967</subfield>
    <subfield code="9">47325</subfield>
  </datafield>
  <datafield tag="505" ind1=" " ind2=" ">
    <subfield code="a">Contenido: El congreso peruano de lengua quechua. Tarquino Guevara. -- Arte y Ciencia. Pablo Ojeda. -- A prop&#xF3;sito del 4to sal&#xF3;n de  pintura contempor&#xE1;nea cuzque&#xF1;a. Ra&#xFA;l Brozovich. -- Juan Machicado expone monocopias. -- Documentos creaci&#xF3;n de la academia de lengua quechua en el Cuzco. -- Frases proyectadas. -- Alcoholismo y miseria. -- Poetas del Per&#xFA; Luis Nieto nuevo canto libertador a Cuzco. -- Tiempos buenos. N&#xE9;stor Rivera Mari&#xE1;tegui. -- Dos poetas disimiles. -- Extensi&#xF3;n universitaria y su labor en el &#xE1;rea rural. -- Conspiraci&#xF3;n del Alma. -- Cine. Rumi&#xF1;aui. -- Las afecciones bucodentales en el aborigen del Cuzco. Luis D&#xE1;vila Negr&#xF3;n. -- Historia de un fracmento de cer&#xE1;mica. Alfredo Valencia. -- Reportaje de bolsillo visi&#xF3;n del hombre y del universo en las &#xFA;ltimas obras de C&#xE9;sar Vallejo. -- Justo Bejar. -- Concejo Provincial del Cuzco. Premio municipal de fomento a la cultura cuzque&#xF1;a en homenaje a las fiestas patrias, bases.</subfield>
  </datafield>
  <datafield tag="650" ind1=" " ind2=" ">
    <subfield code="a">Poes&#xED;a cusque&#xF1;a</subfield>
    <subfield code="9">2323</subfield>
  </datafield>
  <datafield tag="650" ind1=" " ind2=" ">
    <subfield code="a">Literatura cusque&#xF1;a</subfield>
    <subfield code="9">47323</subfield>
  </datafield>
  <datafield tag="650" ind1=" " ind2=" ">
    <subfield code="a">Cine cusque&#xF1;o</subfield>
    <subfield code="9">46144</subfield>
  </datafield>
  <datafield tag="700" ind1=" " ind2=" ">
    <subfield code="a">Brozovich, Ra&#xFA;l</subfield>
    <subfield code="9">47254</subfield>
  </datafield>
  <datafield tag="700" ind1=" " ind2=" ">
    <subfield code="a">Baush Bedoya, Germ&#xE1;n</subfield>
    <subfield code="9">47324</subfield>
  </datafield>
  <datafield tag="942" ind1=" " ind2=" ">
    <subfield code="2">ddc</subfield>
    <subfield code="c">PP</subfield>
  </datafield>
  <datafield tag="945" ind1=" " ind2=" ">
    <subfield code="a">rac</subfield>
  </datafield>
  <datafield tag="952" ind1=" " ind2=" ">
    <subfield code="0">0</subfield>
    <subfield code="2">ddc</subfield>
    <subfield code="4">0</subfield>
    <subfield code="7">0</subfield>
    <subfield code="a">HEM</subfield>
    <subfield code="b">HEM</subfield>
    <subfield code="c">CART</subfield>
    <subfield code="d">2022-02-28</subfield>
    <subfield code="g">5.00</subfield>
    <subfield code="o">Rijchariy/N&#xB0;3/1967</subfield>
    <subfield code="p">REVC000645</subfield>
    <subfield code="r">2022-02-28</subfield>
    <subfield code="y">PP</subfield>
  </datafield>
  <datafield tag="952" ind1=" " ind2=" ">
    <subfield code="0">0</subfield>
    <subfield code="2">ddc</subfield>
    <subfield code="4">0</subfield>
    <subfield code="7">0</subfield>
    <subfield code="a">HEM</subfield>
    <subfield code="b">HEM</subfield>
    <subfield code="c">CART</subfield>
    <subfield code="d">2022-02-28</subfield>
    <subfield code="g">5.00</subfield>
    <subfield code="o">Rijchariy/N&#xB0;3/1967/e.2</subfield>
    <subfield code="p">REVC000646</subfield>
    <subfield code="r">2022-02-28</subfield>
    <subfield code="y">PP</subfield>
  </datafield>
</record>
